Statistics for States of Austria - Map

Click here to take the quiz!

General Stats

  • This quiz has been taken 5,189 times
  • The average score is 6 of 9

Answers on the Map

Answers color-coded by a green-red scale on the quiz's map according to % correct below.
 

Answer Stats

Country% Correct
Vienna
98%
Salzburg
82%
Tyrol
80%
Lower Austria
74%
Upper Austria
74%
Burgenland
63%
Styria
61%
Carinthia
56%
Vorarlberg
56%

Score Distribution

Percentile by Number Answered

Percent of People with Each Score

Your Score History

You have not taken this quiz